000 01130nam a22002417a 4500
003 BJBSDDR
005 20260326101636.0
007 ta
008 260326s2017 nyu||||| |||| 00| 0 eng d
020 _a9781101972908
020 _a1101972904
040 _bspa
_cBJBSDDR
041 _aeng
050 _bH315 2017
100 1 _aHarris, Robert,
_d1947-
_95619
245 _a Conclave /
_cRobert Harris
250 _aFirst Vintage Books edition
260 _aNew York :
_bVintage Books, a division of Penguin Random House LLC,
_c2017
300 _a 394 pages ;
_c 19 cm
520 _aThe pope is dead. Behind the locked doors of the Sistine Chapel, one hundred and eighteen cardinals gather to cast their votes in the world's most secretive election. When all is said and done, one of them will become the most powerful spiritual figure on Earth. In their cloistered debate they will uncover abuse and corruption at the very heart of the Church. It's a scandal that could destroy all they hold dear, and they must act decisively to ensure that the next pope is worthy of the post.
942 _2lcc
_n0
_cBK
946 _icmc
999 _c126694
_d126694